<?xml version="1.0" encoding="UTF-8"?>
<marc:record xmlns:marc="http://www.loc.gov/MARC21/slim">
   <marc:leader>00000nam a2200000 a 4500</marc:leader>
   <marc:datafield ind1="1" ind2=" " tag="100">
      <marc:subfield code="a">Hornby, Nick</marc:subfield>
      <marc:subfield code="4">aut</marc:subfield>
      <marc:subfield code="e">Verfasser/-in</marc:subfield>
   </marc:datafield>
   <marc:datafield ind1=" " ind2=" " tag="653">
      <marc:subfield code="a">Kassette / Belletristik/Erzählende Literatur</marc:subfield>
   </marc:datafield>
   <marc:datafield ind1="0" ind2="0" tag="245">
      <marc:subfield code="a">Slam</marc:subfield>
   </marc:datafield>
   <marc:datafield ind1="0" ind2="0" tag="245">
      <marc:subfield code="c">Nick Hornby</marc:subfield>
   </marc:datafield>
   <marc:datafield ind1=" " ind2="1" tag="264">
      <marc:subfield code="a">München</marc:subfield>
      <marc:subfield code="b">DHV - Der HÖR Verlag GmbH</marc:subfield>
   </marc:datafield>
   <marc:datafield ind1="1" ind2=" " tag="520">
      <marc:subfield code="a">Angaben aus der Verlagsmeldung

Slam / von Nick Hornby

Gerade als alles richtig gut läuft für Sam, lässt seine Ex-Freundin die Bombe platzen: Sie teilt ihm mit, dass sie schwanger ist. Eine Katastrophe für den 18-jährigen Sam. Er kann sich nur an eine Person wenden, an seinen Helden, die Skater-Legende Tony Hawk. Aber sogar der scheint diesmal nicht weiterhelfen zu können. Und so hängt es in dieser witzigen, bewegenden Geschichte allein von Sam ab, die richtigen Entscheidungen zu treffen. Mit jugendlicher Ausstrahlung liest Matthias Schweighöfer souverän diesen Wurf von Nick Hornby und verströmt ganz nebenbei noch reichlich Charme. Gekürzte Lesung
</marc:subfield>
   </marc:datafield>
   <marc:datafield ind1=" " ind2=" " tag="020">
      <marc:subfield code="a">9783867173919</marc:subfield>
      <marc:subfield code="9">9783867173919</marc:subfield>
   </marc:datafield>
   <marc:datafield ind1=" " ind2=" " tag="041">
      <marc:subfield code="a">ger</marc:subfield>
   </marc:datafield>
</marc:record>
